[Event "Bullet Chess Winners 2024"]
[Site "chess.com INT"]
[Date "2024.06.12"]
[Round "4.1"]
[White "Nakamura,Hi"]
[Black "Naroditsky,D"]
[Result "1/2-1/2"]
[WhiteElo "2794"]
[BlackElo "2619"]

1.Nf3 Nf6 2.d4 g6 3.c4 Bg7 4.Nc3 O-O 5.g3 d6 6.Bg2 Nbd7 7.O-O e5 8.Qc2 exd4
9.Nxd4 Nb6 10.b3 c5 11.Ndb5 a6 12.Na3 Bf5 13.Qd2 d5 14.Bb2 d4 15.Ncb1 Ne4
16.Qd1 Nc3 17.Qd2 Re8 18.Re1 Ne4 19.Qc1 Qc7 20.Nd2 Nc3 21.e4 Bg4 22.f3 Bd7
23.Nab1 Nxb1 24.Rxb1 Rad8 25.Qc2 f5 26.Qd3 Nc8 27.f4 fxe4 28.Bxe4 Nd6 29.Bd5+ Kh8
30.Rbd1 Bf5 31.Qf1 Qd7 32.Nf3 Bg4 33.Ne5 Bxe5 34.fxe5 Rf8 35.Qd3 Bxd1 36.e6 Qe7
37.Qxd1 Rf6 38.Qe2 Rdf8 39.Bc1 Rf5 40.Bh6 Re8 41.Bf4 Rxf4 42.gxf4 Qf6 43.Qe5 Qxe5
44.Rxe5 Kg7 45.e7 Kf6 46.Re6+ Kf5 47.Rxd6 Rxe7 48.Kf2 Kxf4 49.Rf6+ Ke5 50.Rf7 Rxf7+
51.Bxf7 g5 52.Kf3 h6 53.Be8 b6 54.Bd7 Kd6 55.Bc8 a5 56.Ke4 Kc7 57.Bg4 Kd6
58.Kf5 d3 59.Ke4 d2 60.Bd1 Ke6 61.Bg4+ Kf6 62.Ke3 Ke5 63.Kxd2 Kf4 64.Bc8 Ke5
65.h3 Ke4 66.Ke2 Kd4 67.Kd2 Ke4 68.a3 Kd4 69.Kc2 a4 70.bxa4 Kxc4 71.Be6+ Kd4
72.Kb3 Ke5 73.Bg8 Kf6 74.Kc4 Ke5 75.Kb5 h5 76.Kxb6 g4 77.hxg4 h4 78.Kxc5 Kf4
79.Bd5 Kxg4 80.Bh1 Kf4 81.a5 h3 82.a6 Kg3 83.a7 Kh2 84.a8=Q Kg3 85.Qf3+ Kh2
86.Qf2+ Kxh1 87.Qf3+ Kh2 88.Qxh3+ Kxh3 89.a4 Kg3 90.a5 Kh3 91.a6 Kg3 92.a7 Kh3
93.a8=Q Kg3 94.Qc8 Kh2 95.Qd7 Kg3 96.Qe6 Kh2 97.Qg6 Kh3 98.Qh6+ Kg2  1/2-1/2

[Event "Bullet Chess Winners 2024"]
[Site "chess.com INT"]
[Date "2024.06.12"]
[Round "4.2"]
[White "Naroditsky,D"]
[Black "Nakamura,Hi"]
[Result "0-1"]
[WhiteElo "2619"]
[BlackElo "2794"]

1.d4 g6 2.e4 Bg7 3.Nc3 c6 4.Be3 d5 5.f3 Nf6 6.e5 Nfd7 7.f4 b5 8.Nf3 Nb6 9.Bd3 a5
10.O-O b4 11.Ne2 Nc4 12.Bxc4 dxc4 13.Ng3 Nd7 14.f5 Nb6 15.Ng5 f6 16.exf6 exf6
17.N5e4 Nd5 18.Bd2 O-O 19.Qf3 Ra7 20.Rae1 Re7 21.Nc5 Rfe8 22.Rxe7 Rxe7 23.c3 Qe8
24.Nce4 Qd8 25.Nc5 Bf8 26.h4 Re8 27.Nce4 Bg7 28.h5 g5 29.Nc5 Bf8 30.Nce4 h6
31.Qe2 Kg7 32.Qxc4 Qc7 33.Rf3 Qb6 34.Nc5 Bxc5 35.Qxc5 Qxc5 36.dxc5 bxc3 37.Bxc3 a4
38.Kf2 Ba6 39.Kg1 Kf7 40.a3 Bb5 41.Rf2 Re3 42.Rf3 Re8 43.Rf2 Nxc3 44.bxc3 Re3
45.Rf3 Re1+ 46.Kf2 Ra1 47.c4 Bxc4 48.Ne4 Bd5 49.Nd6+ Ke7 50.Re3+ Kd7 51.Ne8 Ra2+
52.Ke1 Ra1+ 53.Kd2 Ra2+ 54.Ke1 Ra1+ 55.Kd2 Bxg2 56.Nxf6+ Kc7 57.Re7+ Kc8
58.Re8+ Kb7 59.Re7+ Ka6 60.Ng4 Bd5 61.f6 Rxa3 62.f7 Rf3 63.Ne5 Rf5 64.Rc7 a3
65.Nxc6 Bxc6 66.Rxc6+ Kb5 67.Rxh6 a2 68.Rb6+ Ka5 69.Rb8 Rxf7 70.Ra8+ Kb4
71.Rxa2 Rf2+ 72.Ke3 Rxa2 73.Ke4 Ra7 74.Kf5 Kxc5 75.Kxg5 Kd6 76.Kg6 Ke7 77.h6 Kf8
78.h7 Ra6+ 79.Kg5 Kg7 80.h8=Q+ Kxh8  0-1

[Event "Bullet Chess Winners 2024"]
[Site "chess.com INT"]
[Date "2024.06.12"]
[Round "4.6"]
[White "Naroditsky,D"]
[Black "Nakamura,Hi"]
[Result "0-1"]
[WhiteElo "2619"]
[BlackElo "2794"]

1.d4 d5 2.Nc3 e6 3.e4 Bd6 4.exd5 exd5 5.Nxd5 Ne7 6.Nxe7 Qxe7+ 7.Be2 O-O 8.Nf3 Rd8
9.Be3 c5 10.O-O Nc6 11.c3 Bg4 12.d5 Ne5 13.h3 Nxf3+ 14.Bxf3 Qe5 15.Re1 Qh2+
16.Kf1 Bd7 17.c4 Re8 18.Qd3 f5 19.g3 f4 20.gxf4 Bxf4 21.Be4 Qxh3+ 22.Ke2 Qh4
23.Kd2 Qxf2+ 24.Kc3 Be5+  0-1

[Event "Bullet Chess Winners 2024"]
[Site "chess.com INT"]
[Date "2024.06.12"]
[Round "4.3"]
[White "Nakamura,Hi"]
[Black "Naroditsky,D"]
[Result "1-0"]
[WhiteElo "2794"]
[BlackElo "2619"]

1.b3 e5 2.Bb2 Nc6 3.e3 d5 4.Bb5 f6 5.d4 exd4 6.exd4 Bd6 7.Ne2 Ne7 8.c4 O-O
9.c5 Bg4 10.cxd6 Qxd6 11.O-O  1-0

[Event "Bullet Chess Winners 2024"]
[Site "chess.com INT"]
[Date "2024.06.12"]
[Round "4.5"]
[White "Nakamura,Hi"]
[Black "Naroditsky,D"]
[Result "1/2-1/2"]
[WhiteElo "2794"]
[BlackElo "2619"]

1.b3 d5 2.Bb2 Bg4 3.Nf3 Bxf3 4.gxf3 e6 5.e4 Nf6 6.d3 c5 7.Nd2 Nc6 8.f4 Be7
9.Qf3 Qa5 10.c3 d4 11.Nc4 Qc7 12.Rg1 g6 13.O-O-O O-O-O 14.Kb1 Nh5 15.e5 dxc3
16.Bxc3 Nd4 17.Qe4 Qc6 18.Bg2 Qxe4 19.Bxe4 Nxf4 20.Rge1 Kc7 21.Ba5+ b6 22.Bd2 Nd5
23.f4 Rd7 24.Rf1 Rhd8 25.Kb2 Bh4 26.Rg1 Ne2 27.Rgf1 Be7 28.Rf2 Nd4 29.Rdf1 h5
30.Rg2 Nf5 31.Re2 Nb4 32.Bxb4 cxb4 33.Rc1 Bc5 34.Kb1 Nd4 35.Rg2 Nb5 36.a4 bxa3
37.b4 Bxb4 38.Nd6+ Nc3+ 39.Rxc3+ Bxc3 40.Nb5+ Kb8 41.Nxc3 Rd4 42.Ka2 a6 43.Kxa3 b5
44.Kb3 Ka7 45.Rc2 Kb6 46.Na2 a5 47.Rc6+ Ka7 48.Nc3 Rb4+ 49.Ka3 Rd7 50.Rc5 Kb6
51.Rc6+ Ka7 52.Rc5 Kb6 53.Rc6+ Ka7  1/2-1/2

[Event "Bullet Chess Winners 2024"]
[Site "chess.com INT"]
[Date "2024.06.13"]
[Round "5.7"]
[White "Nakamura,Hi"]
[Black "Firouzja,Alireza"]
[Result "1-0"]
[WhiteElo "2794"]
[BlackElo "2737"]

1.e4 c6 2.Nc3 d5 3.Nf3 dxe4 4.Nxe4 Nf6 5.Ng3 h5 6.Bc4 h4 7.Nf1 Bf5 8.Ne3 Bg6
9.Ne5 Nbd7 10.Nxg6 fxg6 11.d4 e5 12.Qd3 e4 13.Qb3 Qa5+ 14.Bd2 Qb6 15.Bf7+ Kd8
16.Bxg6 Qxd4 17.O-O-O Qb6 18.Qf7 Kc7 19.Nc4 Qc5 20.Bf4+  1-0

[Event "Bullet Chess Winners 2024"]
[Site "chess.com INT"]
[Date "2024.06.13"]
[Round "5.12"]
[White "Firouzja,Alireza"]
[Black "Nakamura,Hi"]
[Result "1-0"]
[WhiteElo "2737"]
[BlackElo "2794"]

1.Nh3 d5 2.g3 e5 3.Bg2 h5 4.d4 e4 5.c4 h4 6.cxd5 f5 7.Nf4 Nf6 8.Nc3 Bd6 9.Qb3 g5
10.Ne6 Bxe6 11.dxe6 Nc6 12.Bxg5 h3 13.Bf1 Be7 14.Bxf6 Bxf6 15.e3 Ne7 16.O-O-O c6
17.d5 cxd5 18.Nxd5 Nxd5 19.Rxd5 Qc7+ 20.Kb1 O-O  1-0

[Event "Bullet Chess Winners 2024"]
[Site "chess.com INT"]
[Date "2024.06.13"]
[Round "5.11"]
[White "Nakamura,Hi"]
[Black "Firouzja,Alireza"]
[Result "0-1"]
[WhiteElo "2794"]
[BlackElo "2737"]

1.e4 c5 2.Nc3 Nc6 3.Nf3 e6 4.d4 cxd4 5.Nxd4 a6 6.Be3 Nge7 7.Qd2 Nxd4 8.Bxd4 Nc6
9.Be3 b5 10.O-O-O Bb7 11.f3 Rc8 12.Bb6 Qe7 13.Bxb5 axb5 14.Nxb5 d6 15.Rhe1 Qd7
16.Qf4 e5 17.Qd2 Be7 18.Nxd6+ Bxd6 19.Qxd6 Qxd6 20.Rxd6 Ke7 21.Red1 Nd4 22.Bxd4 Kxd6
23.Be3+ Ke6 24.b3  0-1

[Event "Bullet Chess Winners 2024"]
[Site "chess.com INT"]
[Date "2024.06.13"]
[Round "5.29"]
[White "Nakamura,Hi"]
[Black "Firouzja,Alireza"]
[Result "1-0"]
[WhiteElo "2794"]
[BlackElo "2737"]

1.e4 c5 2.Nc3 Nc6 3.Nf3 e6 4.d4 cxd4 5.Nxd4 a6 6.Be3 Nge7 7.Nb3 Ng6 8.h4 Nxh4
9.Qg4 Ng6 10.O-O-O d6 11.f4 Bd7 12.f5 Nge5 13.Qh3 Qc7 14.g4 O-O-O 15.g5 Kb8
16.Kb1 Rc8 17.Qg3 Be7 18.Bh3 h6 19.gxh6 gxh6 20.Qf2 Bg5 21.Bb6 Nc4 22.Bxc7+ Rxc7
23.fxe6 fxe6 24.e5 N6xe5 25.Ne4 Be7 26.Nbd2 d5 27.Nxc4 Nxc4 28.Nf6 Bc8 29.Nxd5 exd5
30.Bxc8 Rhxc8 31.Rxd5 Bg5 32.Re1 Rc6 33.c3 Rb6 34.b3 Na3+ 35.Kb2 Rf6 36.Rf5 Rxf5
37.Qxf5 Nb5 38.c4 Nc7 39.Rd1 Re8 40.Rd7 Re2+ 41.Kc3 Re3+ 42.Kc2 Re8 43.Qf7 Rc8
44.b4 Be3 45.Kb3 Ba7 46.a4 a5 47.b5 Bc5 48.Qf4 Bb6 49.Qxh6 Ka7 50.Qg7 Kb8
51.Qe5 Ka7 52.c5 Na8 53.cxb6+ Nxb6 54.Rd6 Rc4 55.Rd4 Rc8 56.Qe3 Rf8 57.Re4 Rf6
58.Re6 Rxe6 59.Qxe6 Nc8 60.Qxc8 Kb6 61.Kc4 Ka7 62.Qc7  1-0

[Event "Bullet Chess Winners 2024"]
[Site "chess.com INT"]
[Date "2024.06.13"]
[Round "5.28"]
[White "Firouzja,Alireza"]
[Black "Nakamura,Hi"]
[Result "0-1"]
[WhiteElo "2737"]
[BlackElo "2794"]

1.e4 c6 2.d4 d5 3.e5 Bf5 4.c4 e6 5.Nc3 dxc4 6.Bxc4 Ne7 7.Nge2 Nd5 8.O-O Nd7
9.Ng3 Bg6 10.f4 N7b6 11.Bb3 Ne7 12.Be3 Nf5 13.Bf2 h5 14.Nge4 a5 15.a4 Nd5
16.Qf3 Be7 17.Rad1 h4 18.g4 hxg3 19.hxg3 Qb6 20.Bc4 Rd8 21.b3 Qb4 22.Ne2 b5
23.axb5 cxb5 24.Be1 Qa3 25.Bxb5+ Kf8 26.Bf2 Rb8 27.Bc4 Qb4 28.Be1 Qb7 29.Bf2 Nb4
30.Ng5 Qxf3 31.Nxf3 Nc2 32.Rd2 Nfe3 33.Bxe3 Nxe3 34.Ra1 Bb4 35.Rda2 Be4 36.Kf2 Ng4+
37.Kg2 Rh2+ 38.Kg1 Bxf3 39.Nc3 Rh1+  0-1

[Event "Bullet Chess Winners 2024"]
[Site "chess.com INT"]
[Date "2024.06.13"]
[Round "5.27"]
[White "Nakamura,Hi"]
[Black "Firouzja,Alireza"]
[Result "1-0"]
[WhiteElo "2794"]
[BlackElo "2737"]

1.h3 h6 2.b3 Nf6 3.Bb2 g5 4.Nf3 Bg7 5.d4 d6 6.Nbd2 Bf5 7.e4 Nxe4 8.Bd3 Nxd2
9.Bxf5 Nxf3+ 10.Qxf3 c6 11.O-O-O Nd7 12.Rhe1 Nf6 13.d5 cxd5 14.Rxd5 O-O 15.Rb5 e6
16.Bd3 d5 17.h4 g4 18.Qf4 a6 19.Rxb7 Rc8 20.Kb1 Rc6 21.h5 Nxh5 22.Qxg4 Qg5
23.Qxg5 hxg5 24.g3 Bxb2 25.Kxb2 Ra8 26.Re5 Nf6 27.Re1 Kg7 28.Re5 g4 29.Rg5+ Kf8
30.Re5 Rac8 31.Ra7 Ne4 32.Bxe4 dxe4 33.c4 Rd6 34.Rxe4 Rd2+ 35.Ka3 Rxf2 36.Rxg4 Rc6
37.Rf4 Rxf4 38.gxf4 Kg7 39.Kb4 Kg6 40.c5 f6 41.Kc4 Kf5 42.b4 Kxf4 43.a4 e5
44.b5 axb5+ 45.axb5 Rc8 46.b6 e4 47.b7 Rb8 48.c6 e3 49.Kd3 Rd8+ 50.Ke2 Rd2+
51.Ke1 Rb2 52.c7 Kf3 53.b8=Q Re2+ 54.Kd1 Rd2+ 55.Kc1 Rd4 56.Qb7+ Kf2 57.Qb6 Rc4+
58.Kb2 Ke2 59.Qb5 Kd3 60.Qxc4+ Kd2 61.c8=Q Ke1 62.Qd7 e2 63.Ra1+ Kf2 64.Qf5+ Kg2
65.Qcg4+  1-0

[Event "Bullet Chess Winners 2024"]
[Site "chess.com INT"]
[Date "2024.06.13"]
[Round "5.10"]
[White "Firouzja,Alireza"]
[Black "Nakamura,Hi"]
[Result "1-0"]
[WhiteElo "2737"]
[BlackElo "2794"]

1.Nf3 g6 2.g3 Bg7 3.Bg2 d6 4.O-O Bd7 5.d4 Qc8 6.Nc3 Bh3 7.e4 Nc6 8.d5 Ne5
9.Nxe5 Bxe5 10.Bf4 Bxf4 11.gxf4 Nf6 12.Qf3 Bxg2 13.Kxg2 Nh5 14.Ne2 c6 15.c4 cxd5
16.cxd5 Qc4 17.Ng3 Nf6 18.b3 Qb4 19.Rac1 O-O 20.e5 Nd7 21.Rc7 Rad8 22.e6 fxe6
23.dxe6 Ne5 24.Qxb7 Qxf4 25.Rxe7 Qh4 26.Rg7+ Kh8 27.e7 Ng4 28.exf8=Q+ Rxf8
29.h3 Ne5 30.Qe7  1-0

[Event "Bullet Chess Winners 2024"]
[Site "chess.com INT"]
[Date "2024.06.13"]
[Round "5.26"]
[White "Firouzja,Alireza"]
[Black "Nakamura,Hi"]
[Result "1/2-1/2"]
[WhiteElo "2737"]
[BlackElo "2794"]

1.e4 e6 2.d4 d5 3.e5 Ne7 4.c3 c5 5.Nf3 Nbc6 6.Bd3 Qb6 7.dxc5 Qxc5 8.Be3 Qa5
9.Nbd2 Ng6 10.Bxg6 hxg6 11.Nb3 Qc7 12.Bf4 f6 13.Qe2 g5 14.Bg3 g4 15.Nfd4 Nxe5
16.O-O-O Bd7 17.f4 gxf3 18.gxf3 O-O-O 19.f4 Nc4 20.Nxe6 Bxe6 21.Qxe6+ Qd7
22.Qe2 Bd6 23.Rhe1 Rhe8 24.Qd3 Qc6 25.Nd4 Qa4 26.Rxe8 Rxe8 27.Kb1 Re3 28.Qc2 Qa5
29.Nf5 Re6 30.Nxd6+ Rxd6 31.Bf2 Qb5 32.Kc1 a5 33.b3 Nb6 34.c4 Qd7 35.cxd5+ Kb8
36.Bxb6 Rxb6 37.d6 Rxd6 38.Rxd6 Qxd6 39.Qd2 Qc5+ 40.Kb2 Kc7 41.Qc3 Kd6 42.Qxc5+ Kxc5
43.Kc3 b5 44.a4 bxa4 45.bxa4 Kd5 46.Kd3 f5 47.h3 Kc5 48.Kc3 Kd5 49.Kd3 Kc5
50.Kc3 Kd5 51.Kd3  1/2-1/2

[Event "Bullet Chess Winners 2024"]
[Site "chess.com INT"]
[Date "2024.06.13"]
[Round "5.24"]
[White "Firouzja,Alireza"]
[Black "Nakamura,Hi"]
[Result "1-0"]
[WhiteElo "2737"]
[BlackElo "2794"]

1.e4 g6 2.d4 Bg7 3.Nc3 c6 4.f4 d5 5.e5 h5 6.Be3 Nh6 7.h3 Nf5 8.Bf2 Qb6 9.a3 a5
10.Nf3 Qc7 11.Bd3 b6 12.O-O Ba6 13.Ne2 Bxd3 14.Qxd3 a4 15.c4 dxc4 16.Qxc4 e6
17.Rac1 Qb7 18.Nc3 b5 19.Qe2 Nd7 20.Ne4 O-O 21.g4 Nh6 22.Nd6 Qb8 23.gxh5 b4
24.hxg6 fxg6 25.Ng5 bxa3 26.bxa3 Qb3 27.Qe4 Nf5 28.Rxc6 Nb6 29.Rb1 Nd5 30.Rxb3 axb3  1-0

[Event "Bullet Chess Winners 2024"]
[Site "chess.com INT"]
[Date "2024.06.13"]
[Round "5.1"]
[White "Nakamura,Hi"]
[Black "Firouzja,Alireza"]
[Result "1-0"]
[WhiteElo "2794"]
[BlackElo "2737"]

1.d4 Nf6 2.Nf3 g6 3.Bg5 Bg7 4.Bxf6 Bxf6 5.e4 Bg7 6.Nbd2 d6 7.c3 O-O 8.Bd3 c5
9.dxc5 dxc5 10.Bc4 Nc6 11.O-O Qc7 12.Qe2 b6 13.h3 Bb7 14.Bd5 e6 15.Bc4 Rad8
16.Ba6 Ba8 17.Rfd1 Ne5 18.Nxe5 Bxe5 19.Nf3 Bg7 20.Bb5 Qf4 21.Re1 Bh6 22.a4 a5
23.Bd3 Rd7 24.Bc2 Rfd8 25.Rad1 Rxd1 26.Rxd1 Rxd1+ 27.Qxd1 Bxe4 28.Bxe4 Qxe4
29.Qd8+ Bf8 30.Qd7 Qb1+ 31.Kh2 Qxb2 32.Qc7 Qxc3 33.Ne5 Be7 34.f4 Qd4 35.Nc6 Qxa4
36.Nxe7+ Kf8 37.Nc6 Qe4 38.Nb8 a4 39.Nd7+ Kg7 40.Qd6 g5 41.Qf8+ Kg6 42.Qg8+ Kh6
43.Qxg5+  1-0

[Event "Bullet Chess Winners 2024"]
[Site "chess.com INT"]
[Date "2024.06.13"]
[Round "5.30"]
[White "Firouzja,Alireza"]
[Black "Nakamura,Hi"]
[Result "1-0"]
[WhiteElo "2737"]
[BlackElo "2794"]

1.d4 d5 2.c4 e6 3.Nc3 Nf6 4.cxd5 exd5 5.Bg5 c6 6.Bxf6 Qxf6 7.e3 Qd8 8.Bd3 Be7
9.Nge2 O-O 10.Qc2 g6 11.h4 Nd7 12.h5 Nf6 13.hxg6 fxg6 14.Bxg6 Kg7 15.Bxh7 Rh8
16.Qg6+ Kf8 17.Nf4 Qd6 18.Qh6+ Ke8 19.Bg6+ Kd7 20.Qxh8 Kc7 21.Qh2 Kb6 22.Nd3 Qd7
23.Ne5 Qd8 24.Bd3 Be6 25.a4 Rc8 26.a5+ Kc7 27.Nf7+ Kd7 28.Nxd8 Bg4  1-0

[Event "Bullet Chess Winners 2024"]
[Site "chess.com INT"]
[Date "2024.06.13"]
[Round "5.3"]
[White "Nakamura,Hi"]
[Black "Firouzja,Alireza"]
[Result "1/2-1/2"]
[WhiteElo "2794"]
[BlackElo "2737"]

1.e4 c5 2.Nc3 Nc6 3.f4 e6 4.Nf3 d5 5.Bb5 Bd7 6.exd5 exd5 7.Nxd5 Bd6 8.Qe2+ Nge7
9.Nxe7 Nxe7 10.Bxd7+ Qxd7 11.d3 O-O-O 12.O-O Rhe8 13.Ne5 Qe6 14.Qh5 f6 15.Nc4 Bc7
16.Bd2 Qd5 17.Qh3+ Qf5 18.Qf3 Nc6 19.Rae1 Nd4 20.Qd1 Qd5 21.c3 Nc6 22.Rxe8 Rxe8
23.Qg4+ Qd7 24.Qxd7+ Kxd7 25.Kf2 b5 26.Ne3 Bb6 27.Kf3 Ne7 28.g3 Rc8 29.Re1 Rc6
30.Nc2 Rd6 31.Ke2 Re6+ 32.Be3 Rd6 33.Rd1 Nd5 34.Bf2 Re6+ 35.Kf3 g5 36.c4 Nc7
37.Ne3 gxf4 38.gxf4 Rd6 39.Nf5 Rc6 40.b3 b4 41.d4 cxd4 42.Bxd4 Bxd4 43.Rxd4+ Ke6
44.Ke4 Ne8 45.Rd5 Ra6 46.Rd2 Ra5 47.Nd4+ Kf7 48.Nc6 Rh5 49.Nxb4 Ke6 50.Nd5 Nd6+
51.Kd4 Nf5+ 52.Kc5 Rh3 53.Re2+ Kf7 54.Kc6 Nd4+ 55.Kb7 Nxe2 56.c5 Nc3 57.Nb4 Rh5
58.c6 Rb5+ 59.Ka6 Rxb4 60.c7 Rb6+ 61.Kxa7 Rc6 62.Kb7 Rxc7+ 63.Kxc7 Nxa2 64.Kd6 Kg6
65.Ke6 Nb4 66.f5+ Kg5 67.h4+ Kxh4 68.Kxf6 Kg4 69.Ke6 Nc6 70.f6 h5 71.b4 h4
72.b5 Nd8+ 73.Ke7 h3 74.Kxd8 h2 75.f7 h1=Q 76.f8=Q Qa8+ 77.Ke7 Qb7+ 78.Kf6 Qxb5
79.Qg7+ Kf3 80.Qc7 Qd3 81.Qe5 Qe4 82.Qa1 Qf4+ 83.Ke6 Qe4+ 84.Kd6 Qf4+ 85.Kd5 Qe4+
86.Kc5 Qf4 87.Qf1+ Kg4 88.Qc4 Kf5 89.Qd5+ Qe5 90.Kc6 Kg4 91.Qxe5 Kf3 92.Kd5 Kg2
93.Kd4 Kh1 94.Qe4+ Kh2 95.Qf4+ Kg2 96.Qg5+ Kh2 97.Qf4+ Kh1 98.Qg4 Kh2 99.Ke3 Kh1
100.Kf3 Kh2  1/2-1/2

[Event "Bullet Chess Winners 2024"]
[Site "chess.com INT"]
[Date "2024.06.13"]
[Round "5.25"]
[White "Nakamura,Hi"]
[Black "Firouzja,Alireza"]
[Result "0-1"]
[WhiteElo "2794"]
[BlackElo "2737"]

1.e4 c5 2.Nc3 Nc6 3.f4 g6 4.Nf3 Bg7 5.Bc4 e6 6.f5 Nf6 7.fxe6 dxe6 8.O-O O-O
9.d3 a6 10.Qe1 b5 11.Bb3 Na5 12.e5 Ng4 13.Bg5 Qc7 14.Bf4 c4 15.dxc4 Nxc4
16.Bxc4 Qxc4 17.Qg3 Nh6 18.Nd2 Qc5+ 19.Be3 Qc7 20.Bxh6 Bxh6 21.Nde4 Bg7 22.Nf6+ Bxf6
23.Rxf6 Bb7 24.Raf1 b4 25.Ne2 Qxc2 26.Nf4 Rad8 27.h4 Rd2 28.h5 Be4 29.Nxe6 Rxg2+  0-1

[Event "Bullet Chess Winners 2024"]
[Site "chess.com INT"]
[Date "2024.06.13"]
[Round "5.22"]
[White "Firouzja,Alireza"]
[Black "Nakamura,Hi"]
[Result "1-0"]
[WhiteElo "2737"]
[BlackElo "2794"]

1.e4 g6 2.d4 Bg7 3.Nc3 c6 4.f4 d5 5.e5 h5 6.h3 Nh6 7.Be3 Nf5 8.Bf2 h4 9.Nf3 Nd7
10.Bd3 Nb6 11.Ne2 Na4 12.Qc1 Qa5+ 13.c3 Qc7 14.O-O b5 15.b3 Nb6 16.a4 bxa4
17.bxa4 a5 18.Qc2 Ba6 19.Bxf5 gxf5 20.Bxh4 e6 21.Rf2 Nc4 22.Bg5 Bf8 23.Nc1 Rb8
24.Nd3 c5 25.Nxc5 Bxc5 26.dxc5 Qxc5 27.Nd4 Kd7 28.Qc1 Rb6 29.Kh2 Rhb8 30.Qe1 Nb2
31.Qe3 Nd3 32.Rd2 Qxc3 33.Rad1 Rb1 34.Rxd3 Bxd3 35.Rxd3 Qa1 36.Nb5 Rb7 37.Kg3 Qxa4
38.Nc3 Qc4 39.Nxb1 Rxb1 40.Rc3 Qa6 41.Qc5  1-0

[Event "Bullet Chess Winners 2024"]
[Site "chess.com INT"]
[Date "2024.06.13"]
[Round "5.21"]
[White "Nakamura,Hi"]
[Black "Firouzja,Alireza"]
[Result "1-0"]
[WhiteElo "2794"]
[BlackElo "2737"]

1.b3 Nf6 2.Bb2 g6 3.e3 Bg7 4.d4 O-O 5.Nf3 d5 6.Be2 c5 7.O-O cxd4 8.Nxd4 Nc6
9.c4 dxc4 10.Nxc6 bxc6 11.Bxc4 Qc7 12.Qc1 Rd8 13.h3 Bf5 14.Nd2 Rd7 15.Nf3 Ne4
16.Bxg7 Kxg7 17.Qb2+ Kg8 18.Nd4 Nd6 19.Be2 c5 20.Rac1 Qb6 21.Nxf5 Nxf5 22.Bg4 e6
23.Qe5 Rd5 24.Qf6 Qd8 25.Qxd8+ Rdxd8 26.Rxc5 Rd2 27.a4 Rb8 28.Rb1 Nd6 29.Bf3 Ra2
30.Rc6 Nc8 31.Rc7 a5 32.Rd1 Nb6 33.Rd6 Rb2 34.Bc6 Rxb3 35.Bb5 Nd5 36.Ra7 Nc3
37.Rdd7 Rb1+ 38.Kh2 Nxb5 39.axb5 Rf8 40.Rdb7 Ra1 41.b6 a4 42.Rc7 Rb1 43.b7 Kg7
44.Rxa4 Rb8 45.Rf4 Rf8 46.Rd4 Rb8 47.Rdd7 Rf8 48.Re7 Rb2 49.f4 Rb6 50.Kg3 Rb3
51.Kf3 Rb6 52.g4 Rb1 53.h4 Rf1+ 54.Ke2 Rb1 55.Red7 Rb2+ 56.Kf3 Rb6 57.h5 gxh5
58.g5 h6 59.gxh6+ Kg6 60.h7 Kxh7 61.Rxf7+ Rxf7 62.Rxf7+ Kg6 63.Rc7 Kf6 64.e4 Rb3+
65.Ke2 Rb2+ 66.Kd3 Rb3+ 67.Kc4 Rb1 68.e5+ Kf5 69.Kc5 Ke4 70.Kd6 Rb5 71.Kd7 Rxb7
72.Rxb7 h4 73.Rb3 Kxf4 74.Kxe6  1-0

[Event "Bullet Chess Winners 2024"]
[Site "chess.com INT"]
[Date "2024.06.13"]
[Round "5.4"]
[White "Firouzja,Alireza"]
[Black "Nakamura,Hi"]
[Result "0-1"]
[WhiteElo "2737"]
[BlackElo "2794"]

1.e4 d5 2.exd5 Qxd5 3.Nc3 Qd8 4.d4 Nf6 5.Nf3 Bg4 6.Be2 e6 7.h3 Bxf3 8.Bxf3 c6
9.Qe2 Nbd7 10.Be3 Bb4 11.O-O O-O 12.Ne4 Nxe4 13.Bxe4 f5 14.Bf3 Re8 15.c3 Bd6
16.Rfe1 Nf6 17.Rad1 Qc7 18.Bg5 Bf4 19.Bxf6 gxf6 20.Bh5 Re7 21.g3 Bd6 22.Bf3 Kh8
23.Kf1 Rg8 24.Qc4 Bxg3 25.fxg3 Qxg3 26.Ke2 e5 27.Qc5 Rge8 28.d5 e4 29.Bh5 f4
30.Kd2 Re5 31.Bxe8 Rxd5+ 32.Qxd5 cxd5 33.Kc1 f3 34.Rg1 Qf4+ 35.Kc2 f2 36.Rgf1 e3
37.Bb5 Qf3 38.Kc1 e2 39.Bxe2 Qxe2 40.Rh1 f5 41.Rhf1 f4 42.Kb1 f3 43.Kc1 h5
44.Kb1 Kg7 45.Kc1 Kf6 46.Rxf2 Qxf2  0-1

[Event "Bullet Chess Winners 2024"]
[Site "chess.com INT"]
[Date "2024.06.13"]
[Round "5.5"]
[White "Nakamura,Hi"]
[Black "Firouzja,Alireza"]
[Result "1/2-1/2"]
[WhiteElo "2794"]
[BlackElo "2737"]

1.d4 Nf6 2.Nf3 c6 3.c4 c5 4.dxc5 e6 5.e3 Bxc5 6.Nc3 d5 7.Bd3 dxc4 8.Bxc4 Qxd1+
9.Kxd1 Bd7 10.Ke2 Nc6 11.Rd1 O-O-O 12.a3 Be8 13.b4 Rxd1 14.Nxd1 Bd6 15.Bb2 Ne7
16.Rc1 Kb8 17.Nc3 Bc6 18.Nb5 Bxb5 19.Bxb5 Ng6 20.Bd3 Rd8 21.Ng5 Be5 22.Bc3 Bxc3
23.Rxc3 Ne5 24.f4 Nd5 25.Rb3 h6 26.Ne4 Ng4 27.Bc4 Ne7 28.h3 Nf6 29.Nc5 Nf5
30.Bd3 Nd6 31.e4 Nd7 32.Nxd7+ Rxd7 33.e5 Nc8 34.Be4 Ne7 35.Rg3 g6 36.Rd3 Rxd3
37.Kxd3 b6 38.Kc4 Kc7 39.b5 Kd7 40.g4 g5 41.fxg5 hxg5 42.Kd4 Ke8 43.Ke3 Kf8
44.a4 Kg7 45.Kd4 Kf8 46.Ke3 Kg7 47.Kd4 Kf8 48.Ke3  1/2-1/2

[Event "Bullet Chess Winners 2024"]
[Site "chess.com INT"]
[Date "2024.06.13"]
[Round "5.6"]
[White "Firouzja,Alireza"]
[Black "Nakamura,Hi"]
[Result "1-0"]
[WhiteElo "2737"]
[BlackElo "2794"]

1.e4 e5 2.Nf3 Nc6 3.Bb5 Nf6 4.Bxc6 dxc6 5.d3 Bd6 6.Nc3 Be6 7.Be3 Nd7 8.h3 f6
9.Nd2 Qe7 10.O-O O-O 11.f4 exf4 12.Bxf4 Bxf4 13.Rxf4 c5 14.Qf3 Rad8 15.Qf2 Ne5
16.b3 b6 17.Rf1 Nc6 18.Nc4 Nd4 19.Ne3 c6 20.Ne2 Bf7 21.Nxd4 cxd4 22.Nf5 Qe5
23.Rg4 Bg6 24.Nh4 Bh5 25.Rg3 Rd7 26.Nf5 Bg6 27.Nh4 Bh5 28.Qe1 Qe8 29.Nf5 Bg6
30.Nh4 Bf7 31.Rxf6 Be6 32.Rxf8+ Qxf8 33.Nf3 c5 34.Qd2 Rf7 35.Qg5 h6 36.Qxh6 Rf6
37.Qg5 Qf7 38.Qe5 Bc8 39.Kh2 Re6 40.Qg5 Rf6 41.Ne5 Qc7 42.Qxf6  1-0

[Event "Bullet Chess Winners 2024"]
[Site "chess.com INT"]
[Date "2024.06.13"]
[Round "5.2"]
[White "Firouzja,Alireza"]
[Black "Nakamura,Hi"]
[Result "1-0"]
[WhiteElo "2737"]
[BlackElo "2794"]

1.e4 e5 2.d4 Nc6 3.dxe5 Nxe5 4.Nf3 Ng6 5.h4 h5 6.Bg5 Be7 7.Bc4 Nf6 8.Nc3 d6
9.Qe2 Bg4 10.O-O-O Nd7 11.Qe3 c6 12.Rxd6 Qc7 13.Bxe7 Nxe7 14.Rhd1 O-O-O 15.Bxf7 Kb8
16.Bb3 Nc8 17.R6d2 Rdf8 18.e5 Re8 19.e6 Nf6 20.a4 Nb6 21.a5 Nc8 22.a6 b5
23.Rd4 Qa5 24.Kb1 Qxa6 25.Qe5+ Ka8 26.Ne4 Qb6 27.Nxf6 gxf6 28.Qxf6 c5 29.Bd5+ Kb8
30.Re4 Rhf8 31.Qe5+ Qc7 32.Bc6 Qxe5 33.Rxe5 Rxe6 34.Rxc5 a6 35.Bd7 Rd8 36.Rd3 Rd6
37.Rxd6 Nxd6 38.Bxg4 hxg4 39.Ne5 Ne4 40.Nc6+ Kc7 41.Nxd8+ Nxc5 42.Nf7 Ne4
43.f3 gxf3 44.gxf3 Nd2+ 45.Kc1 Nxf3 46.h5 Nh4 47.h6 Ng6 48.h7 b4 49.h8=Q Nxh8
50.Nxh8 Kd6 51.Ng6 Kd5 52.Nf4+ Kc4 53.Nd3 a5 54.b3+ Kb5 55.Nb2 Kc5 56.Na4+ Kd4
57.Kd2 Ke4 58.c3 Kd5 59.cxb4 axb4 60.Kd3 Ke5 61.Kc4  1-0

[Event "Bullet Chess Winners 2024"]
[Site "chess.com INT"]
[Date "2024.06.13"]
[Round "5.8"]
[White "Firouzja,Alireza"]
[Black "Nakamura,Hi"]
[Result "1-0"]
[WhiteElo "2737"]
[BlackElo "2794"]

1.e3 e5 2.d4 Nc6 3.dxe5 Nxe5 4.Nf3 Ng6 5.h4 h5 6.Bd3 d5 7.Bxg6 fxg6 8.c4 dxc4
9.Qa4+ c6 10.Qxc4 Nf6 11.Nc3 Qe7 12.Ng5 Nh7 13.e4 Nxg5 14.Bxg5 Be6 15.Bxe7 Bxc4
16.Bxf8 Rxf8 17.Rd1 Rd8 18.f3 Ke7 19.Kf2 b5 20.a3 a5 21.Rxd8 Rxd8 22.Rd1 Rb8
23.Ke3 b4 24.axb4 axb4 25.Ne2 Bxe2 26.Kxe2 c5 27.Rd5 c4 28.Kd2 Ra8 29.Rc5 Ra2
30.Rxc4 Rxb2+ 31.Ke3 b3 32.Rb4 g5 33.hxg5 h4 34.Kf4 Rxg2 35.Rxb3 h3 36.Rb8 h2
37.Rh8 Ke6 38.Ke3 Ra2 39.f4 Rg2 40.Kf3 Rd2 41.Kg3 Re2 42.Rxh2 Rxe4 43.Kg4 g6
44.Rh7 Re1 45.Rg7 Rg1+ 46.Kf3 Rf1+ 47.Kg3 Rg1+ 48.Kf2 Rg4 49.Rxg6+ Kf5 50.Rf6+ Ke4
51.g6 Rh4 52.f5 Rg4 53.Rf7 Rg5 54.g7  1-0

[Event "Bullet Chess Winners 2024"]
[Site "chess.com INT"]
[Date "2024.06.13"]
[Round "5.9"]
[White "Nakamura,Hi"]
[Black "Firouzja,Alireza"]
[Result "0-1"]
[WhiteElo "2794"]
[BlackElo "2737"]

1.e4 c6 2.Nc3 d5 3.Nf3 dxe4 4.Nxe4 Nf6 5.Neg5 h6 6.Nh3 Bxh3 7.gxh3 Nbd7 8.Bg2 e6
9.O-O Bd6 10.d4 Qc7 11.c3 O-O-O 12.Re1 g5 13.a4 g4 14.hxg4 Nxg4 15.h3 Ngf6
16.a5 Rhg8 17.a6 b6 18.Kh1 Rg7 19.Nh4 Rdg8 20.Qf3 Nd5 21.c4 Nb4 22.Re2 Qd8
23.Bxh6 Rh7 24.Bd2 Qxh4 25.Bxb4 Bxb4 26.Qxc6+ Kd8 27.c5 Rxg2 28.Qxg2 Qxh3+
29.Qxh3 Rxh3+ 30.Kg2 Rb3 31.c6 Nf6 32.Rh1 Nd5 33.Re5 Nf4+ 34.Kg1 Bd6 35.Rg5 Rxb2
36.Rh8+ Kc7 37.Rg7 Rb1+  0-1

[Event "Bullet Chess Winners 2024"]
[Site "chess.com INT"]
[Date "2024.06.13"]
[Round "5.23"]
[White "Nakamura,Hi"]
[Black "Firouzja,Alireza"]
[Result "1-0"]
[WhiteElo "2794"]
[BlackElo "2737"]

1.d4 Nf6 2.Nf3 e6 3.c4 d5 4.Nc3 c5 5.cxd5 cxd4 6.Qxd4 exd5 7.Bg5 Be7 8.e3 h6
9.Bh4 O-O 10.Bd3 Be6 11.O-O Nc6 12.Qa4 Qb6 13.Rab1 Rfd8 14.Rfd1 Rac8 15.Ne2 Nb4
16.Ned4 Bd7 17.Qb3 Nxd3 18.Qxd3 Ba4 19.b3 Be8 20.Nf5 Bf8 21.Qd4 Qxd4 22.N3xd4 Bd7
23.Bxf6 gxf6 24.g4 Kh7 25.h3 Ba3 26.Kg2 Rc3 27.Ne2 Rc7 28.Nf4 Bxf5 29.gxf5 Rcd7
30.Rd3 Rg8+ 31.Kf3 Rg5 32.b4 Rxf5 33.Rxa3 d4 34.Rd3 a5 35.Rxd4 Re7 36.Rd5 Rfe5
37.bxa5 Rc7 38.Rxe5 fxe5 39.Nd5 Rc5 40.Nf6+ Kg6 41.Ne4 Rxa5 42.Nc3 f5 43.Rxb7 Rc5
44.Rb6+ Kg5 45.Rb3 e4+ 46.Kg3 Rc8 47.h4+ Kf6 48.Nd5+ Ke5 49.Nf4 Rg8+ 50.Kh3 Rg1
51.Rb6 Rh1+ 52.Kg2 Rh2+ 53.Kxh2  1-0